[Event "NAYCC U12"]
[Site "Toronto CAN"]
[Date "2013.08.16"]
[Round "4"]
[White "Fan, Run Kun"]
[Black "Ju, Terrence"]
[Result "1-0"]
[WhiteElo "1568"]
[BlackElo "1388"]
[PlyCount "67"]
[GameId "2160767909267322"]
[EventDate "2013.08.14"]
[EventType "swiss"]
[EventRounds "9"]
[EventCountry "CAN"]
[SourceTitle "hb 2013"]

1. e4 c5 2. Nf3 Nc6 3. d4 cxd4 4. Nxd4 Nf6 5. Nc3 g6 6. Be3 Bg7 7. Be2 O-O 8. O-O d5 9. exd5 Nxd5 10. Nxd5 Qxd5 11. Nxc6 Qxc6 12. c3 Bf5 13. Bf3 Be4 14. Bxe4 Qxe4 15. Re1 Rfd8 16. Qb3 Qc6 17. Rac1 b6 18. h3 e6 19. a4 Bf6 20. Qb5 Qxb5 21. axb5 Be7 22. Ra1 Rd5 23. c4 Rd7 24. Bxb6 Rd2 25. Bxa7 Rxb2 26. Bd4 Rxa1 27. Rxa1 Rc2 28. Ra8+ Bf8 29. Bc5 Rxc4 30. Bxf8 h5 31. b6 Rc1+ 32. Kh2 Rb1 33. Bb4+ Kg7 34. b7 1-0

[Event "NAYCC U12"]
[Site "Toronto CAN"]
[Date "2013.08.16"]
[Round "4"]
[White "Hemmat, Alexander"]
[Black "Wan, Kevin"]
[Result "0-1"]
[WhiteElo "1688"]
[BlackElo "2133"]
[PlyCount "200"]
[GameId "2160767909267323"]
[EventDate "2013.08.14"]
[EventType "swiss"]
[EventRounds "9"]
[EventCountry "CAN"]
[SourceTitle "hb 2013"]

1. d4 d5 2. c4 e6 3. Nf3 Nf6 4. Bg5 Be7 5. e3 Nbd7 6. Nc3 c6 7. Qc2 O-O 8. Bd3 h6 9. Bh4 dxc4 10. Bxc4 b5 11. Bd3 Bb7 12. Bg3 a6 13. h3 c5 14. dxc5 Nxc5 15. Be2 b4 16. Nb1 Nfe4 17. Be5 Qa5 18. O-O Rac8 19. Bc4 Rfd8 20. b3 Nd7 21. Bb2 Bd5 22. Nbd2 Nxd2 23. Nxd2 Nb6 24. Rfc1 Nxc4 25. bxc4 Bb7 26. Nb3 Qg5 27. f4 Qg3 28. Qf2 Qxf2+ 29. Kxf2 Rd7 30. c5 Bd5 31. Bd4 Rdc7 32. Be5 Rc6 33. Bd6 Bxd6 34. cxd6 Rxc1 35. Rxc1 Rd8 36. Rd1 f5 37. Rd4 Rxd6 38. Rxb4 Rc6 39. Nd4 Rc4 40. Rxc4 Bxc4 41. a4 Kf7 42. g3 Ke7 43. Ke1 Kd6 44. Kd2 Kc5 45. Kc3 a5 46. h4 g6 47. Nf3 Be2 48. Ne5 Bd1 49. Nxg6 Bxa4 50. Ne5 Bb5 51. Nf3 Kd5 52. Nd2 Ba6 53. Kb3 Bb5 54. Kc3 Be8 55. Kb3 Bd7 56. Kc3 Bc6 57. Kd3 Kc5 58. Kc3 a4 59. Nc4 Kd5 60. Nd2 Kc5 61. Nc4 Bd5 62. Ne5 h5 63. Nd7+ Kb5 64. Nf6 Bf3 65. Ne8 Kc5 66. Ng7 Kd6 67. Kb4 Bd1 68. Ne8+ Kd7 69. Nf6+ Ke7 70. Nh7 Kd6 71. Ng5 Kd5 72. Ka3 Kc4 73. Nxe6 Kd3 74. Nd4 Bg4 75. Kxa4 Kxe3 76. Nc6 Kf3 77. Ne5+ Kxg3 78. Ng6 Bf3 79. Kb4 Bd5 80. Ne7 Be6 81. Ng6 Bf7 82. Ne7 Kxf4 83. Kc5 Ke4 84. Nc8 Be6 85. Nd6+ Ke3 86. Ne8 f4 87. Nf6 Bf7 88. Nd7 f3 89. Ne5 f2 90. Nxf7 f1=Q 91. Nd6 Kf4 92. Kd5 Kg4 93. Ke5 Qf4+ 94. Kd5 Kxh4 95. Ne4 Kg4 96. Nc5 h4 97. Nd3 Qf5+ 98. Kd4 h3 99. Ke3 Qxd3+ 100. Kxd3 h2 0-1

[Event "NAYCC U12"]
[Site "Toronto CAN"]
[Date "2013.08.16"]
[Round "4"]
[White "Kelly, Joey M"]
[Black "Zhou, Yuetong (Davy)"]
[Result "1/2-1/2"]
[WhiteElo "1936"]
[BlackElo "2008"]
[PlyCount "84"]
[GameId "2160767909267324"]
[EventDate "2013.08.14"]
[EventType "swiss"]
[EventRounds "9"]
[EventCountry "CAN"]
[SourceTitle "hb 2013"]

1. d4 Nf6 2. c4 g6 3. Nc3 d5 4. cxd5 Nxd5 5. e4 Nxc3 6. bxc3 Bg7 7. Bc4 c5 8. Ne2 O-O 9. Be3 Nc6 10. O-O Na5 11. Bd3 b6 12. f3 cxd4 13. cxd4 Bb7 14. Rc1 Rc8 15. Qd2 Qd7 16. Rfd1 Rfd8 17. Qb2 Rxc1 18. Rxc1 Rc8 19. Qa3 Rxc1+ 20. Qxc1 Qc6 21. Qb1 Nc4 22. Bf2 e6 23. Nc3 Ba6 24. Qc1 Bf8 25. d5 Qc8 26. dxe6 fxe6 27. Ne2 Ba3 28. Qc3 Bb2 29. Qb3 Qd7 30. Nf4 g5 31. Nh5 Qb5 32. h3 Bg7 33. Nxg7 Kxg7 34. Qc3+ Kg8 35. Qf6 Qc6 36. Qxg5+ Kf8 37. Qh6+ Kg8 38. Bd4 Qd7 39. Qf6 e5 40. Bxe5 Nxe5 41. Bxa6 Qd4+ 42. Kh1 Qa1+ 1/2-1/2

[Event "NAYCC U12"]
[Site "Toronto CAN"]
[Date "2013.08.16"]
[Round "4"]
[White "Kishkimbayev, Alisher"]
[Black "Menon, Vishal"]
[Result "1/2-1/2"]
[WhiteElo "1201"]
[BlackElo "1674"]
[PlyCount "123"]
[GameId "2160767909267325"]
[EventDate "2013.08.14"]
[EventType "swiss"]
[EventRounds "9"]
[EventCountry "CAN"]
[SourceTitle "hb 2013"]

1. d4 Nf6 2. c4 g6 3. Nc3 d5 4. Nf3 Bg7 5. Bf4 a6 6. e3 O-O 7. Qb3 e6 8. Ne5 Nc6 9. Nxc6 bxc6 10. Rc1 Nh5 11. Bg3 Nxg3 12. hxg3 Qg5 13. cxd5 exd5 14. Ne2 Bd7 15. Nf4 Rfe8 16. Qc3 Re4 17. Rd1 a5 18. Be2 Ree8 19. Nh3 Qf6 20. Nf4 Bf8 21. a3 Bd6 22. Qd2 a4 23. O-O Re7 24. Rc1 Qg5 25. Bf3 Bxf4 26. gxf4 Qf6 27. Rfe1 Bf5 28. Qc3 Re6 29. Qb4 Ree8 30. Re2 Reb8 31. Qc5 Rb6 32. Rc3 Raa6 33. Rc1 Rb5 34. Qc3 Rab6 35. b4 axb3 36. Rb2 Bd7 37. Be2 Qf5 38. g4 Qe4 39. f3 Qe7 40. Bxb5 Rxb5 41. Rxb3 Rxb3 42. Qxb3 Qh4 43. Kg2 h5 44. Rh1 Qe7 45. g5 Bf5 46. Qb8+ Kg7 47. Qb3 Kg8 48. Rc1 h4 49. Rxc6 h3+ 50. Kh2 Qd8 51. Qb7 Qe8 52. Qxc7 Qxe3 53. Qb8+ Kh7 54. Qb2 Qxf4+ 55. Kg1 Qxg5+ 56. Kf1 Bd3+ 57. Ke1 Qg1+ 58. Kd2 h2 59. Rc1 Qg2+ 60. Kc3 h1=Q 61. Rxh1+ Qxh1 62. Kxd3 1/2-1/2

[Event "NAYCC U12"]
[Site "Toronto CAN"]
[Date "2013.08.16"]
[Round "4"]
[White "Li, Ben"]
[Black "Xu, Jeffrey"]
[Result "1/2-1/2"]
[WhiteElo "1976"]
[BlackElo "2037"]
[PlyCount "73"]
[GameId "2160767909267326"]
[EventDate "2013.08.14"]
[EventType "swiss"]
[EventRounds "9"]
[EventCountry "CAN"]
[SourceTitle "hb 2013"]

1. d4 e6 2. c4 Nf6 3. Nf3 Bb4+ 4. Bd2 Qe7 5. Nc3 Bxc3 6. Bxc3 Ne4 7. Rc1 Nxc3 8. Rxc3 O-O 9. e3 d6 10. Be2 e5 11. O-O Nc6 12. d5 Nb8 13. e4 Bg4 14. Nd2 Bxe2 15. Qxe2 Nd7 16. b4 a5 17. bxa5 Rxa5 18. Nb3 Ra4 19. Rfc1 b6 20. R1c2 Rfa8 21. Nc1 Nc5 22. f3 Qg5 23. Rb2 f5 24. exf5 Qxf5 25. Qd2 Qf6 26. Ne2 Qh4 27. g3 Qh5 28. Kg2 Qg6 29. Kh1 Qf5 30. Kg1 R8a5 31. Kh1 Ra3 32. Kg2 Qf6 33. Re3 R5a4 34. Rc2 Qf5 35. Rxa3 Rxa3 36. Rc3 Rxc3 37. Qxc3 1/2-1/2

[Event "NAYCC U12"]
[Site "Toronto CAN"]
[Date "2013.08.16"]
[Round "4"]
[White "Li, William"]
[Black "Xue, Andrew"]
[Result "1/2-1/2"]
[WhiteElo "1409"]
[BlackElo "1114"]
[PlyCount "97"]
[GameId "2160767909267327"]
[EventDate "2013.08.14"]
[EventType "swiss"]
[EventRounds "9"]
[EventCountry "CAN"]
[SourceTitle "hb 2013"]

1. e4 e5 2. Nf3 Nc6 3. Bc4 Bc5 4. c3 Nf6 5. d3 h6 6. Be3 Bxe3 7. fxe3 d6 8. h3 O-O 9. O-O Qe7 10. Nbd2 Re8 11. Qe2 Bd7 12. Bb3 Rad8 13. Rf2 Be6 14. Bxe6 Qxe6 15. c4 a6 16. Nf1 Nb8 17. Ng3 Nbd7 18. b4 c5 19. a3 b6 20. Nh2 Re7 21. Raf1 Rf8 22. Nf5 Ree8 23. Ng4 Kh7 24. Kh2 h5 25. Nxf6+ Nxf6 26. Ng3 h4 27. Nh5 Nxh5 28. Qxh5+ Qh6 29. Qxh6+ Kxh6 30. Rxf7 Rxf7 31. Rxf7 cxb4 32. axb4 Rc8 33. Ra7 b5 34. Rxa6 bxc4 35. Rxd6+ g6 36. dxc4 Rxc4 37. Rd5 Rxe4 38. b5 Rxe3 39. b6 Rb3 40. Rxe5 Rxb6 41. Re2 Rb1 42. g3 hxg3+ 43. Kxg3 Rb4 44. Rf2 Kg5 45. Rf3 Re4 46. Ra3 Kh6 47. h4 Rb4 48. Rf3 Kh5 49. Ra3 1/2-1/2

[Event "NAYCC U12"]
[Site "Toronto CAN"]
[Date "2013.08.16"]
[Round "4"]
[White "Liang, Hairan"]
[Black "Huang, Immanuel"]
[Result "1/2-1/2"]
[WhiteElo "1073"]
[BlackElo "1517"]
[PlyCount "78"]
[GameId "2160767909267328"]
[EventDate "2013.08.14"]
[EventType "swiss"]
[EventRounds "9"]
[EventCountry "CAN"]
[SourceTitle "hb 2013"]

1. e4 e5 2. Nf3 Nc6 3. d4 exd4 4. Nxd4 Nf6 5. Nc3 Bb4 6. Nxc6 bxc6 7. Bd3 d5 8. exd5 cxd5 9. a3 Bxc3+ 10. bxc3 O-O 11. O-O c5 12. c4 d4 13. Bg5 h6 14. Qf3 Be6 15. Bxf6 Qxf6 16. Qxf6 gxf6 17. f4 Rab8 18. Rab1 Rb6 19. Rb3 Bd7 20. Rfb1 Rfb8 21. Kf2 Ba4 22. Rxb6 axb6 23. Kf3 Bc6+ 24. Kf2 Bd7 25. Kf3 f5 26. Ke2 Kf8 27. Kf2 Ke7 28. Ke2 Kd6 29. Kd2 Kc7 30. c3 dxc3+ 31. Kxc3 Rg8 32. Rb2 Rg4 33. g3 h5 34. Be2 Rg7 35. Bxh5 Bc6 36. Re2 Rh7 37. g4 Kd6 38. Rf2 Be4 39. Kd2 Kc6 1/2-1/2

[Event "NAYCC U12"]
[Site "Toronto CAN"]
[Date "2013.08.16"]
[Round "4"]
[White "Liu, Ryan"]
[Black "Luo, Ricky"]
[Result "1-0"]
[WhiteElo "1090"]
[BlackElo "1023"]
[PlyCount "67"]
[GameId "2160767909267329"]
[EventDate "2013.08.14"]
[EventType "swiss"]
[EventRounds "9"]
[EventCountry "CAN"]
[SourceTitle "hb 2013"]

1. d4 Nf6 2. Nf3 g6 3. e3 Bg7 4. Bd3 O-O 5. Nbd2 d5 6. c3 Nbd7 7. O-O Re8 8. e4 e5 9. Re1 exd4 10. cxd4 dxe4 11. Nxe4 Nxe4 12. Bxe4 Nf6 13. Bg5 h6 14. Bxf6 Bxf6 15. Qd3 Kg7 16. Rad1 c6 17. h3 Be6 18. b3 Bg5 19. Qc3 Kg8 20. Ne5 Qf6 21. Qf3 Qxf3 22. Nxf3 Bf4 23. d5 cxd5 24. Bxd5 Bxd5 25. Rxe8+ Rxe8 26. Rxd5 Rc8 27. g3 Bb8 28. Rd7 b6 29. Nd4 Be5 30. Nb5 a6 31. Nd6 Rc1+ 32. Kg2 Rd1 33. Rd8+ Kg7 34. Ne8+ 1-0

[Event "NAYCC U12"]
[Site "Toronto CAN"]
[Date "2013.08.16"]
[Round "4"]
[White "Mercado, Carlos"]
[Black "Johnson-Constantin, Mathieu"]
[Result "1-0"]
[WhiteElo "1782"]
[BlackElo "1523"]
[PlyCount "65"]
[GameId "2160767909267330"]
[EventDate "2013.08.14"]
[EventType "swiss"]
[EventRounds "9"]
[EventCountry "CAN"]
[SourceTitle "hb 2013"]

1. e4 c5 2. Nc3 d6 3. Bb5+ Bd7 4. Bxd7+ Qxd7 5. f4 Nc6 6. Nf3 Nf6 7. d3 g6 8. O-O Bg7 9. Qe1 O-O 10. Qh4 Nh5 11. g4 Bf6 12. Ng5 Bxg5 13. fxg5 Ng7 14. Rf3 Ne5 15. Rg3 f5 16. gxf5 gxf5 17. Rh3 fxe4 18. Qxh7+ Kf7 19. Nxe4 Qg4+ 20. Rg3 Qd1+ 21. Kg2 Qe2+ 22. Nf2 Ke8 23. Be3 Nf5 24. Bf4 Nxg3 25. Bxg3 Ng4 26. Qh5+ Kd7 27. Qxg4+ Qxg4 28. Nxg4 Rg8 29. h4 Rac8 30. c3 b5 31. Bf4 Ke6 32. Re1+ Kf7 33. Nh6+ 1-0

[Event "NAYCC U12"]
[Site "Toronto CAN"]
[Date "2013.08.16"]
[Round "4"]
[White "Minzak, Michael"]
[Black "Pierre, Dashwood"]
[Result "1-0"]
[WhiteElo "1051"]
[BlackElo "886"]
[PlyCount "49"]
[GameId "2160767909267331"]
[EventDate "2013.08.14"]
[EventType "swiss"]
[EventRounds "9"]
[EventCountry "CAN"]
[SourceTitle "hb 2013"]

1. e4 e5 2. Nf3 Nc6 3. Bc4 Nf6 4. d3 Bc5 5. Nc3 d6 6. Be3 Bxe3 7. fxe3 O-O 8. h3 Re8 9. Qd2 Be6 10. O-O-O Bxc4 11. dxc4 Qb8 12. g4 Qc8 13. g5 Nd7 14. h4 b6 15. h5 Qa6 16. g6 Nb4 17. gxh7+ Kh8 18. a3 d5 19. axb4 d4 20. exd4 exd4 21. Qxd4 Qa1+ 22. Kd2 Qxb2 23. h6 Rg8 24. hxg8=Q+ Rxg8 25. hxg7# 1-0

[Event "NAYCC U12"]
[Site "Toronto CAN"]
[Date "2013.08.16"]
[Round "4"]
[White "Seela, Anirudh"]
[Black "Asaria, Danial"]
[Result "0-1"]
[WhiteElo "1812"]
[BlackElo "2022"]
[PlyCount "84"]
[GameId "2160767909267332"]
[EventDate "2013.08.14"]
[EventType "swiss"]
[EventRounds "9"]
[EventCountry "CAN"]
[SourceTitle "hb 2013"]

1. c4 c6 2. Nc3 d5 3. d4 Nf6 4. Nf3 dxc4 5. e4 b5 6. a3 e6 7. Bg5 Be7 8. Be2 O-O 9. O-O a6 10. Qc2 Bb7 11. Rfd1 Qc7 12. Bh4 h6 13. Bg3 Qb6 14. Ne1 Rd8 15. Qd2 c5 16. dxc5 Rxd2 17. cxb6 Rxb2 18. Bf3 Nbd7 19. e5 Nd5 20. Nxd5 Bxd5 21. Bxd5 exd5 22. b7 Ra7 23. e6 fxe6 24. b8=Q+ Nxb8 25. Bxb8 Rd7 26. Be5 Re2 27. f4 Bc5+ 28. Bd4 Rxe1+ 29. Rxe1 Bxd4+ 30. Kf1 Bxa1 31. Rxa1 Kf7 32. Ke2 d4 33. Rf1 Kf6 34. g4 g5 35. f5 e5 36. Rf3 e4 37. Rh3 Kg7 38. Rg3 c3 39. Ke1 d3 40. Kd1 Rc7 41. Kc1 c2 42. Rg1 e3 0-1

[Event "NAYCC U12"]
[Site "Toronto CAN"]
[Date "2013.08.16"]
[Round "4"]
[White "Sun, Andy"]
[Black "Mihailov, Dmitrii"]
[Result "1-0"]
[WhiteElo "1082"]
[BlackElo "982"]
[PlyCount "84"]
[GameId "2160767909267333"]
[EventDate "2013.08.14"]
[EventType "swiss"]
[EventRounds "9"]
[EventCountry "CAN"]
[SourceTitle "EXT 2022"]
[Source "ChessBase"]
[SourceDate "2021.10.06"]
[SourceVersion "1"]
[SourceVersionDate "2021.10.06"]
[SourceQuality "1"]

1. e4 c5 2. Nf3 Nc6 3. d4 e6 4. d5 exd5 5. exd5 Nb4 6. d6 Nf6 7. Qe2+ Be7 8. dxe7 Qxe7 9. Qxe7+ Kxe7 10. Bd3 Re8 11. O-O Kf8 12. Nc3 d5 13. a3 Nc6 14. Bf4 c4 15. Bxh7 Nxh7 16. Nxd5 Be6 17. Nc7 Rad8 18. Nxe8 Rxe8 19. Rad1 Bf5 20. c3 Bd3 21. Rfe1 Rc8 22. Ne5 Nxe5 23. Bxe5 Bc2 24. Rd2 Bd3 25. Re3 Ng5 26. Rd1 Ne6 27. Rdxd3 cxd3 28. Rxd3 Nc5 29. Bd6+ Kg8 30. Rd5 Re8 31. f4 Nb3 32. Rb5 Nd2 33. Rxb7 Re1+ 34. Kf2 Re6 35. Bb4 Ne4+ 36. Kg1 Nd2 37. Re7 Rf6 38. g3 Nf3+ 39. Kg2 Nd2 40. Rxa7 Nc4 41. Be7 Re6 42. Rc7 Ne3+ 1-0

[Event "NAYCC U12"]
[Site "Toronto CAN"]
[Date "2013.08.16"]
[Round "4"]
[White "Wang, Dinny"]
[Black "Zotkin, Daniel"]
[Result "0-1"]
[WhiteElo "1670"]
[BlackElo "1974"]
[PlyCount "96"]
[GameId "2160767909267335"]
[EventDate "2013.08.14"]
[EventType "swiss"]
[EventRounds "9"]
[EventCountry "CAN"]
[SourceTitle "hb 2013"]

1. e4 c5 2. Nf3 Nc6 3. Nc3 g6 4. d4 cxd4 5. Nxd4 Bg7 6. Be3 Nf6 7. Bc4 Qa5 8. Qd2 Qb4 9. Nxc6 Qxc4 10. Nxa7 Nxe4 11. Nxe4 Qxe4 12. O-O-O O-O 13. f3 Qa4 14. a3 d6 15. Qb4 Rxa7 16. Bxa7 Qxa7 17. Rhe1 Be6 18. g4 Rc8 19. h4 Qf2 20. c3 Qxf3 21. Kc2 Bxg4 22. Rf1 Qe2+ 23. Kb1 Qc4 24. Rde1 Qxb4 25. axb4 Bf6 26. Rf4 Bf5+ 27. Ka2 e5 28. Rff1 Bxh4 29. Ra1 Be6+ 30. Kb1 f5 31. Ra7 Rc7 32. Rd1 Rd7 33. Rc1 Bg5 34. Rg1 Be3 35. Ra8+ Kg7 36. Rh1 f4 37. Kc2 Bf5+ 38. Kd1 f3 39. Rf1 e4 40. Re8 Bh3 41. Rxe4 Bxf1 42. Rxe3 Be2+ 43. Ke1 g5 44. Re4 h5 45. Kf2 g4 46. c4 Kf6 47. c5 dxc5 48. bxc5 Rg7 0-1

[Event "NAYCC U12"]
[Site "Toronto CAN"]
[Date "2013.08.16"]
[Round "4"]
[White "Xiao, Kevin"]
[Black "Balachandran, Henushan"]
[Result "1-0"]
[WhiteElo "1247"]
[BlackElo "958"]
[PlyCount "41"]
[GameId "2160767909267336"]
[EventDate "2013.08.14"]
[EventType "swiss"]
[EventRounds "9"]
[EventCountry "CAN"]
[SourceTitle "hb 2013"]

1. e4 e5 2. Nf3 Nc6 3. d4 exd4 4. Bc4 Bc5 5. O-O Nf6 6. e5 Ng4 7. Re1 Bb4 8. c3 dxc3 9. Nxc3 O-O 10. h3 Nh6 11. Bxh6 gxh6 12. Qc2 d6 13. Rad1 Re8 14. Qb3 Be6 15. Bxe6 Rxe6 16. exd6 Rxe1+ 17. Rxe1 Qxd6 18. a3 Bxc3 19. Qxc3 a6 20. Nh4 Kf8 21. Qh8# 1-0

[Event "NAYCC U12"]
[Site "Toronto CAN"]
[Date "2013.08.16"]
[Round "4"]
[White "Yie, Kevin Yi Xiao"]
[Black "Chen, Richard"]
[Result "1/2-1/2"]
[WhiteElo "1578"]
[BlackElo "1942"]
[PlyCount "142"]
[GameId "2160767909267337"]
[EventDate "2013.08.14"]
[EventType "swiss"]
[EventRounds "9"]
[EventCountry "CAN"]
[SourceTitle "EXT 2022"]
[Source "ChessBase"]
[SourceDate "2021.10.06"]
[SourceVersion "1"]
[SourceVersionDate "2021.10.06"]
[SourceQuality "1"]

1. d4 Nf6 2. Bf4 c5 3. e3 cxd4 4. exd4 d5 5. Nf3 Nc6 6. c3 g6 7. Bd3 Bg7 8. O-O O-O 9. h3 Bd7 10. Re1 Nh5 11. Bh2 Nf6 12. Nbd2 Qc8 13. Ne5 Re8 14. Ndf3 Bf5 15. Nxc6 bxc6 16. Ne5 Bxd3 17. Nxd3 Nd7 18. Qb3 a5 19. a4 Qa6 20. Rad1 f6 21. f4 f5 22. Qa3 Bf8 23. Qb3 e6 24. Bg3 Rab8 25. Qc2 Qb6 26. Bf2 Qb3 27. Qxb3 Rxb3 28. Re2 Kf7 29. Ne5+ Nxe5 30. fxe5 Reb8 31. Rdd2 Bh6 32. Rc2 Rc8 33. Be1 c5 34. Bf2 c4 35. Be3 g5 36. Rf2 Kg6 37. g3 Rf8 38. Kg2 f4 39. Bc1 Rb7 40. g4 Bg7 41. Kf3 Rh8 42. h4 gxh4 43. Rh2 h5 44. Rxh4 Rf7 45. gxh5+ Rxh5 46. Rg2+ Rg5 47. Rxg5+ Kxg5 48. Rxf4 Rxf4+ 49. Bxf4+ Kf5 50. Be3 Bf8 51. Ke2 Be7 52. Kf3 Bf8 53. Ke2 Be7 54. Bf2 Ke4 55. Be3 Kf5 56. Kd2 Ke4 57. Bh6 Kf5 58. Kc2 Ke4 59. Bg7 Bd8 60. Bf6 Bb6 61. Be7 Bc7 62. Bc5 Bd8 63. b3 cxb3+ 64. Kxb3 Kd3 65. Ba7 Bc7 66. Bc5 Bd8 67. Bd6 Bb6 68. Bc5 Bd8 69. Bd6 Bb6 70. Bc5 Bd8 71. Bd6 Bb6 1/2-1/2

[Event "NAYCC U12"]
[Site "Toronto CAN"]
[Date "2013.08.16"]
[Round "4"]
[White "Yong, Hoyin"]
[Black "Markarov, Stefan"]
[Result "1-0"]
[WhiteElo "1123"]
[BlackElo "1284"]
[PlyCount "121"]
[GameId "2160767909267338"]
[EventDate "2013.08.14"]
[EventType "swiss"]
[EventRounds "9"]
[EventCountry "CAN"]
[SourceTitle "hb 2013"]

1. e4 c5 2. Nc3 Nc6 3. Bb5 d6 4. Bxc6+ bxc6 5. f4 d5 6. Nf3 d4 7. Ne2 f5 8. d3 e6 9. O-O c4 10. Nexd4 cxd3 11. Qxd3 fxe4 12. Qxe4 Bb7 13. Qxe6+ Be7 14. Nf5 g6 15. Ne5 Qd5 16. Ng7+ Kf8 17. Qxd5 cxd5 18. Ne6+ Ke8 19. Nc7+ Kf8 20. Nxa8 Bxa8 21. f5 Kg7 22. fxg6 Bf6 23. gxh7 Rxh7 24. Ng4 Bd4+ 25. Kh1 Nf6 26. Nxf6 Bxf6 27. c3 Be5 28. h3 d4 29. Bf4 Bf6 30. Rad1 dxc3 31. Rd7+ Kg8 32. Rxh7 Kxh7 33. bxc3 Bxc3 34. Bb8 a5 35. Rf7+ Kg6 36. Ra7 Bd5 37. Bc7 Bxa2 38. Bxa5 Bd4 39. Ra6+ Kf7 40. Bb6 Bxb6 41. Rxa2 Kg7 42. g4 Bd8 43. Kg2 Bh4 44. Kf3 Kg6 45. Ra5 Bd8 46. Rd5 Bf6 47. Kf4 Be7 48. g5 Bf8 49. Ra5 Bd6+ 50. Kg4 Bb4 51. Ra6+ Kf7 52. h4 Bc3 53. h5 Kg7 54. Ra7+ Kf8 55. Kf5 Bd4 56. Rb7 Bc5 57. g6 Bd4 58. h6 Kg8 59. h7+ Kh8 60. Rb8+ Kg7 61. h8=Q# 1-0

[Event "NAYCC U12"]
[Site "Toronto CAN"]
[Date "2013.08.16"]
[Round "4"]
[White "Zhao, Harry"]
[Black "Sun, Benjamin"]
[Result "1-0"]
[WhiteElo "1767"]
[BlackElo "1414"]
[PlyCount "121"]
[GameId "2160767909267340"]
[EventDate "2013.08.14"]
[EventType "swiss"]
[EventRounds "9"]
[EventCountry "CAN"]
[SourceTitle "EXT 2022"]
[Source "ChessBase"]
[SourceDate "2021.10.06"]
[SourceVersion "1"]
[SourceVersionDate "2021.10.06"]
[SourceQuality "1"]

1. d4 Nf6 2. Nf3 g6 3. Nbd2 Bg7 4. e4 d6 5. Bd3 O-O 6. O-O Nbd7 7. e5 dxe5 8. dxe5 Ng4 9. e6 fxe6 10. Ng5 Ndf6 11. Bc4 Qd6 12. Ndf3 Nd5 13. Re1 Kh8 14. Qe2 Nf4 15. Bxf4 Rxf4 16. c3 Bd7 17. h3 Nh6 18. Rad1 Qc6 19. Bxe6 Bxe6 20. Nxe6 Rf6 21. Nxg7 Kxg7 22. Qxe7+ Rf7 23. Qe5+ Qf6 24. Qxf6+ Kxf6 25. Re2 Nf5 26. Ne5 Re7 27. Ng4+ Kf7 28. Rxe7+ Kxe7 29. Ne3 Nxe3 30. fxe3 Ke6 31. Kf2 Rf8+ 32. Ke2 Rf7 33. e4 Ke5 34. Ke3 c6 35. g3 Re7 36. c4 a6 37. c5 Rf7 38. b4 Re7 39. a4 g5 40. b5 axb5 41. axb5 cxb5 42. Rb1 Rc7 43. Rxb5 Kf6 44. Rb6+ Kg7 45. Kd4 Kf7 46. Kd5 Rd7+ 47. Rd6 Rc7 48. g4 Re7 49. e5 Rc7 50. Rf6+ Ke7 51. Rh6 Kd8 52. e6 Re7 53. Rf6 Rc7 54. Rf8+ Ke7 55. Rf7+ Kd8 56. Rxc7 Kxc7 57. Ke5 Kd8 58. Kd6 Ke8 59. Kc7 Ke7 60. Kxb7 Kxe6 61. c6 1-0

[Event "NAYCC U12"]
[Site "Toronto CAN"]
[Date "2013.08.16"]
[Round "4"]
[White "Zheng, Maven"]
[Black "Doknjas, Joshua"]
[Result "0-1"]
[WhiteElo "1060"]
[BlackElo "1856"]
[PlyCount "64"]
[GameId "2160767909267341"]
[EventDate "2013.08.14"]
[EventType "swiss"]
[EventRounds "9"]
[EventCountry "CAN"]
[SourceTitle "hb 2013"]

1. d4 d5 2. c4 dxc4 3. Nf3 Nf6 4. e3 Bg4 5. Bxc4 e6 6. O-O Nbd7 7. Nc3 Bd6 8. h3 Bh5 9. b3 O-O 10. Bb2 e5 11. dxe5 Nxe5 12. Be2 Qe7 13. Nh4 Bg6 14. Nxg6 Nxg6 15. Bd3 Qe5 16. g3 Qg5 17. Ne4 Nxe4 18. Bxe4 Bxg3 19. fxg3 Qxe3+ 20. Rf2 Qxe4 21. Qd2 Qe6 22. Qc3 f6 23. Qxc7 Qxh3 24. Rh2 Qc8 25. Qa5 Qg4 26. Qc7 Rf7 27. Qc3 Rc8 28. Qd3 Rd7 29. Qe3 Rd1+ 30. Rxd1 Qxd1+ 31. Kg2 Rc2+ 32. Kh3 Qh5# 0-1

[Event "NAYCC U12"]
[Site "Toronto CAN"]
[Date "2013.08.16"]
[Round "4"]
[White "Zhu, Jeffrey Xin Yu"]
[Black "Frutos, Chase"]
[Result "0-1"]
[WhiteElo "1574"]
[BlackElo "1942"]
[PlyCount "50"]
[GameId "2160767909267342"]
[EventDate "2013.08.14"]
[EventType "swiss"]
[EventRounds "9"]
[EventCountry "CAN"]
[SourceTitle "EXT 2022"]
[Source "ChessBase"]
[SourceDate "2021.10.06"]
[SourceVersion "1"]
[SourceVersionDate "2021.10.06"]
[SourceQuality "1"]

1. d4 Nf6 2. c4 e6 3. a3 Be7 4. Nc3 O-O 5. e4 d5 6. e5 Nfd7 7. cxd5 Nb6 8. dxe6 Bxe6 9. Nf3 Bg4 10. Be2 Nc6 11. Be3 Qd7 12. Qd3 Rad8 13. O-O-O Na5 14. Qb5 Nc6 15. Bd3 Be6 16. Bc2 Bc4 17. e6 Qxe6 18. Qh5 g6 19. Qh6 Bb3 20. Rhe1 Bxc2 21. Kxc2 Qf5+ 22. Kc1 Na5 23. Kd2 Nac4+ 24. Ke2 Nxb2 25. Ra1 Qd3# 0-1

[Event "NAYCC U12"]
[Site "Toronto CAN"]
[Date "2013.08.16"]
[Round "5"]
[White "Asaria, Danial"]
[Black "Li, Ben"]
[Result "1/2-1/2"]
[WhiteElo "2022"]
[BlackElo "2037"]
[PlyCount "87"]
[GameId "2160767909267343"]
[EventDate "2013.08.14"]
[EventType "swiss"]
[EventRounds "9"]
[EventCountry "CAN"]
[SourceTitle "EXT 2022"]
[Source "ChessBase"]
[SourceDate "2021.10.06"]
[SourceVersion "1"]
[SourceVersionDate "2021.10.06"]
[SourceQuality "1"]

1. e4 c5 2. Nf3 d6 3. d4 cxd4 4. Qxd4 Nc6 5. Bb5 Bd7 6. Bxc6 Bxc6 7. Nc3 Nf6 8. Bg5 e6 9. O-O-O Be7 10. Rhe1 Qa5 11. e5 dxe5 12. Rxe5 Qb4 13. Bxf6 gxf6 14. Re3 Qxd4 15. Nxd4 Bc5 16. Red3 Bxg2 17. Ndb5 Bb6 18. f3 O-O 19. Ne4 Kg7 20. Nbd6 f5 21. Ng3 Rfd8 22. Nh5+ Kf8 23. Nf6 Ke7 24. Nh5 Rab8 25. c4 Bc5 26. Nf4 Rxd6 27. Nxg2 Rxd3 28. Rxd3 Rg8 29. Ne1 Bg1 30. h3 Rg3 31. f4 Be3+ 32. Kd1 Bxf4 33. Rxg3 Bxg3 34. Nd3 Bd6 35. c5 Bc7 36. b4 e5 37. b5 Ke6 38. Nb4 Ba5 39. a3 Bxb4 40. axb4 b6 41. c6 Kd6 42. Ke2 a6 43. bxa6 Kxc6 44. b5+ 1/2-1/2

[Event "NAYCC U12"]
[Site "Toronto CAN"]
[Date "2013.08.16"]
[Round "5"]
[White "Balachandran, Henushan"]
[Black "Minzak, Michael"]
[Result "1-0"]
[WhiteElo "958"]
[BlackElo "1051"]
[PlyCount "103"]
[GameId "2160767909267344"]
[EventDate "2013.08.14"]
[EventType "swiss"]
[EventRounds "9"]
[EventCountry "CAN"]
[SourceTitle "EXT 2022"]
[Source "ChessBase"]
[SourceDate "2021.10.06"]
[SourceVersion "1"]
[SourceVersionDate "2021.10.06"]
[SourceQuality "1"]

1. e4 e5 2. Nf3 Nc6 3. Nc3 Nf6 4. Bc4 Bc5 5. O-O d6 6. h3 h5 7. d3 Bg4 8. Bg5 Nd4 9. hxg4 Nxf3+ 10. Qxf3 hxg4 11. Qxg4 Nxg4 12. Bxd8 Kxd8 13. Bxf7 Rf8 14. Bd5 Nxf2 15. Kh2 c6 16. Bc4 Ke7 17. Na4 Be3 18. Rae1 Bf4+ 19. Kg1 Bg3 20. Re3 Rh8 21. Rxg3 Rh1+ 22. Kxf2 Rf8+ 23. Rf3 Rhh8 24. Rxf8 Rxf8+ 25. Kg1 Rh8 26. Rf7+ Ke8 27. Rxg7 b5 28. Rxa7 bxc4 29. Ra8+ Kf7 30. Rxh8 cxd3 31. cxd3 d5 32. exd5 cxd5 33. Rh7+ Ke6 34. Nc3 d4 35. Ne2 Kd5 36. a4 e4 37. dxe4+ Kxe4 38. Rd7 d3 39. Ng3+ Ke3 40. a5 Kd2 41. a6 Kc2 42. Rxd3 Kxd3 43. a7 Kc2 44. a8=Q Kxb2 45. Qc6 Kb3 46. Qc5 Kb2 47. Qc4 Kb1 48. Qc3 Ka2 49. Qb4 Ka1 50. Ne2 Ka2 51. Nc3+ Ka1 52. Qa3# 1-0